[Event "Corus Wijk aan Zee"]
[Site " Wijk aan Zee"]
[Date "2007.01.23"]
[Round "9"]
[White "GM Tiviakov, Sergey (NED)"]
[Black "GM Motylev, Alexander(RUS)"]
[Result "1/2-1/2"]
[WhiteElo "2667"]
[BlackElo "2647"]
[Annotator "Âàñèëèé Âèðøè÷"]
[PlyCount "79"]
[EventDate "2007.01.??"]
[EventType "tourn"]
[EventCountry "NED"]
[EventCategory "19"]
[Source "CrestBook.com"]

{Íàøè ñåãîäíÿøíèå ó÷àñòíèêè âñòðå÷àëèñü ìåæäó ñîáîé âñåãî äâà ðàçà. Ïåðâàÿ
ïàðòèÿ çàêîí÷èëàñü ïîáåäîé Ñåðãåÿ â óâàæàåìîì ìíîþ âàðèàíòå Äðàêîíà, à
âòîðàÿ áûñòðî çàâåðøèëàñü áåñêðîâíîé íè÷üåé. Äåëà ñîïåðíèêîâ â ýòîì òóðíèðå
ïîêà èäóò íåâàæíî (ó îáîèõ ïî -2), à çíà÷èò ñòîèò îæèäàòü áåñêîìïðîìèññíîé
áîðüáû. Âåäü êîãî åù¸ îáûãðûâàòü, åñëè íå «áðàòüåâ»-àóòñàéäåðîâ?} 1. e4 c6 {
Â ïîñëåäíåå âðåìÿ Ñåðãåé äîáèëñÿ õîðîøèõ ðåçóëüòàòîâ â ñèöèëèàíñêîé çàùèòå,
ïðèìåíÿÿ ñêðîìíûé, íî ÿäîâèòûé âàðèàíò Àëàïèíà-Ñâåøíèêîâà: 1.å4 ñ4 2.ñ3.
Ïîñåìó ïîíÿòíî æåëàíèå Ìîòûë,âà «ñìåíèòü ïëàñòèíêó».} 2. d3 d5 3. Nd2 g6 4.
Ngf3 Bg7 5. g3 e5 6. Bg2 Ne7 7. O-O O-O 8. b4 {Ëþáèìîå ïðîäîëæåíèå
çàìå÷àòåëüíîãî ãðîññìåéñòåðà Ëåîíèäà Øòåéíà. Îñÿçàåìîãî ïðåèìóùåñòâà ïî
äåáþòó áåëûå íå ïîëó÷àþò, íî íàâÿçûâàþò ïðîòèâíèêó ñëîæíóþ áîðüáó, â
êîòîðîé çíàíèå íþàíñîâ ïîçèöèè, âåðíûé ãëàç è òðåçâûé óì ÷àñòåíüêî
ïîçâîëÿþò áåëûì ïîñòåïåííî «ïåðåêàòàòü» ïðîòèâíèêà. Ñòîèò îòìåòèòü, ÷òî
ýòîò âàðèàíò êðîìå Òèâÿêîâà ñ óñïåõîì ïðèìåíÿþò òàêæå òàêèå ìîíñòðû, êàê
Àðîíÿí è Êàñûìæàíîâ.} a5 9. bxa5 Qxa5 ({Èãðàëè çäåñü è} 9... Rxa5 10. Bb2 Bg4
11. h3 Bxf3 12. Bxf3 dxe4 13. Bxe4 Ra7 14. Nb3 Qc8 15. Bg2 c5 16. Re1 Nd7 17.
h4 Qc7 18. Qe2 Nf5 19. h5 Rfa8 20. hxg6 hxg6 21. a3 Nd4 22. Nxd4 cxd4 23. Bd5
Nb6 24. Bb3 Na4 25. Bc1 Nc5 26. Bd5 Ra5 27. Rb1 Rd8 28. Bc4 Qc6 29. Bg5 Bf6 $2
30. Bxf6 Qxf6 31. Qxe5 Qxe5 32. Rxe5 {ñ ðåøàþùèì ïåðåâåñîì. Tiviakov,S (2623)
-Zelcic,R (2540)/Istanbul 2003/CBM 096 (38)}) 10. Bb2 Qc7 ({
Âñòðå÷àëîñü â ïðàêòèêå Òèâÿêîâà è} 10... d4 11. a4 h6 12. Nc4 Qc7 13. c3 c5
14. Qb3 Ra6 15. cxd4 cxd4 16. Ba3 Rd8 17. Rfc1 Rc6 18. Qb5 f6 19. Rcb1 Bf8 20.
Na5 Ra6 21. Nxb7 Bxb7 22. Bxe7 Qxe7 23. Qxb7 Qxb7 24. Rxb7 {È áåëûå ïîñòåïåííî
ðåàëèçîâàëè ëèøíþþ ïåøêó. Tiviakov,S (2668)-Giffard,N (2353)/Banyoles ESP
2006}) 11. Re1 ({Âîò, íàïðèìåð, êàê òðàêòîâàë ýòó ïîçèöèþ êëàññèê:} 11. Qe2 d4
12. c3 c5 13. cxd4 cxd4 14. a4 Nbc6 15. Ba3 Rd8 16. Rfb1 Na5 17. Rb5 Ra6 18.
Rc1 Nec6 {- áåëûå ïðî÷íî çàõâàòèëè èíèöèàòèâó è ïîñòåïåííî ïåðåèãðàëè
ïðîòèâíèêà (Øòåéí - Õîäîñ, Êèåâ 1969).}) 11... d4 12. c3 dxc3 13. Bxc3 c5 14.
a4 Nbc6 15. Nc4 Be6 {Ïîçèöèÿ òèïà «êòî ñèëüíåå èãðàåò - òîò è âûèãðàåò».} 16.
Qb3 ({Ïàññèâíàÿ èãðà ïîçâîëÿåò ÷åðíûì ñêëîíèòü ÷àøó âåñîâ â ñâîþ ïîëüçó} 16.
Nfd2 $6 Rfd8 17. Qb1 Nb4 18. Bxb4 cxb4 19. Qxb4 Rxd3 20. Rec1 Nc6 21. Qb6 $17 (
{åù¸ õóæå} 21. Qb2 {èç-çà} Bh6 $1 {ñâÿçûâàÿ «êîíåé Äâîðåöêîãî» ïî ðóêàì è
íîãàì, èëè êàê òàì ñ êîíÿìè ïîñòóïàòü ïîëàãàåòñÿ. Áåëûå íå â ñîñòîÿíèè
ðàñêðóòèòü êëóáîê ñîáñòâåííûõ ôèãóð:} 22. Rc3 Rxc3 23. Qxc3 Nd4 $17 24. Qd3 b5
{Ligterink,G (2430)-Stohl,I (2560)/Tilburg 1992}) 21... Qxb6 22. Nxb6 Rad8 23.
Ndc4 $17 {
Âëàäåíèå îòêðûòîé ëèíèåé è íàëè÷èå äâóõ ñëîíîâ îáåñïå÷èâàåò ÷åðíûì ïåðåâåñ})
16... Nd4 17. Bxd4 cxd4 18. Rec1 Nc6 19. Rab1 Bh6 20. Rc2 Ra5 21. Qa3 ({
Íè÷åãî íåò ó áåëûõ ïîñëå} 21. Qxb7 Qxb7 22. Rxb7 Rxa4 23. Bf1 ({
íî, êîíå÷íî, íå} 23. Nfxe5 $4 Ra1+ 24. Bf1 Bh3 {ñ ìàòîì}) 23... Ra1 24. Kg2 f6
$11 {.}) 21... Bxc4 22. Rxc4 Rfa8 {
Ñëàáîñòü íà b7 âïîëíå êîìïåíñèðóåòñÿ ñëàáîñòüþ íà a4.} 23. Qb3 R8a7 24. h4 Qc8
25. Kh2 Qa8 {«Àëåõèíñêîå ñòðîåíèå» òÿæ,ëûõ ôèãóð, íà ïåðâûé âçãëÿä, âïîëíå
ãîäèòñÿ òóò äëÿ óðàâíåíèÿ. È ïîñëå} 26. Bh3 {ñëîâíî â ïîäòâåðæäåíèè ýòîãî,
ñîïåðíèêè ðåøèëè îáìåíÿòüñÿ, íå ãëÿäÿ, ñâîèìè êâ,ëûìè ïåøêàìè, ÷òîáû â
áóäóùåì î íèõ íå áîëåëà ãîëîâà.} Rxa4 {Ïîñëå ñåðèè ðàçìåíîâ -} 27. Rxa4 ({
Ñòîï! Êàê ãîâîðèòñÿ, çàñëóæèâàë âíèìàíèÿ è òåì áîëåå ðàññìîòðåíèÿ â àíàëèçå
êîìáèíàöèîííûéóäàð} 27. Nxe5 $5 Ra3 ({Ê òîìó æå âïîëíå âîçìîæíî è} 27... Nxe5 {
(ñðàçó îòäàâàÿ ôåðçÿ)} 28. Rc8+ Qxc8 29. Bxc8 Nf3+ 30. Kh3 Nd2 31. Qb6 Nxb1 32.
Qxb1 {, è õîòÿ ïåøêè ÷¸ðíûõ b7 è d4 âïîëíå ìîãóò áûòü ñúåäåíû, íå äóìàþ,
÷òî òóò ó áåëûõ åñòü ïåðåâåñ. Õîòÿ ïîçèöèÿ, ñîãëàñèòåñü, ñëîæíàÿ, è ñóãóáî
èãðîâàÿ...} Bf8) 28. Qb6 ({ñëàáåå} 28. Qd1 Nxe5 29. Rc8+ Qxc8 30. Bxc8 Rxd3 31.
Qf1 Ra2) 28... R3a6 29. Qc5 Ra5 30. Qd6 $1 Bf8 31. Qf6 Rxe5 (31... Nxe5 32. Rc8
) 32. Rxc6 $1 Bg7 33. Qd6 bxc6 34. Rb8+ Re8 35. Rxa8 Rexa8 36. Kg2 {âñ¸ æå ýòî
ïîõîæå íà ïðèáëèçèòåëüíîå ðàâåíñòâî. Ñìîòðåòü òóò èãðó áûëî áû èíòåðåñíî, íî
âîò èãðàòü - àðõèñëîæíî.}) {À ñëó÷èâøàÿñÿ â ïàðòèè äëèííàÿ ñåðèè ðàçìåíîâ}
27... Rxa4 28. Qxb7 Qxb7 29. Rxb7 {ïðèâåëà ê ïîçèöèè, ãäå ó áåëûõ ñîõðàíÿåòñÿ
ëèøü ìèíèìàëüíûé ïëþñèê, ÿâíî íåäîñòàòî÷íûé äëÿ ïîáåäû.} Ra2 30. Kg1 Ra1+ 31.
Kg2 Ra2 32. Ng5 Ra7 ({Îáîñòðÿëîñü ïîëîæåíèå ïîñëå} 32... Bxg5 $6 33. hxg5 Rd2
34. Bd7 Nd8 35. Rb5) 33. Rb6 Rc7 34. Bd7 $1 {Ñàìûé êðàñèâûé õîä â ïàðòèè!} ({
Íî, ïîõîæå, ëó÷øå áûëî óâåñòè ïðåäâàðèòåëüíî êîíÿ íà f3} 34. Nf3 $5 {
, è äàëåå òðàíçèòîì ÷åðåç d2 íà ñ4...}) {Ïîòîìó ÷òî ïðè} 34... Nd8 {
ó áåëûõ, êàæåòñÿ, áûë åù¸ ìàëåíüêèé, íî øàíñ.} ({À ïîñëå õîäà â ïàðòèè ÷¸ðíûì,
âèäèìî, ïðîùå âñåãî áûëî ïåðåéòè â ëàäåéíûé ýíäøïèëü} 34... Rxd7 35. Rxc6 Bxg5
36. hxg5 Rb7 37. Rc5 Rb3 38. Rxe5 Rxd3 39. Rd5 {
, êîòîðûé âûãëÿäèò âïîëíå íè÷åéíûì ââèäó àêòèâíîñòè ÷¸ðíîé ëàäüè}) 35. Bg4
Nb7 36. Nf3 Bg7 37. Nd2 ({Øàíñ ýòîò çàêëþ÷àëñÿ â «òû÷êå»} 37. h5 $1 {
ïîñëå ÷åãî ÷åðíûì åùå ïðîåäñòîÿëî ñäåëàòü íåñêîëüêî àêêóðàòíûõ õîäîâ} Kf8 ({
Õóæå} 37... gxh5 38. Bxh5 f6 39. Be8 Kf8 40. Bb5 {
è ïåðåâåñèê õîòü è ìàëåíüêèé, íî, ñ òî÷êè çðåíèÿ ÷¸ðíûõ - âåñüìà ïðîòèâíûé})
38. h6 $1 Bxh6 39. Nxe5 Nc5 $1 40. f4 Bg7 {
Íî âñ¸ æå òóò íè÷åãî ñåðü¸çíîãî ó áåëûõ íåò:} 41. Nc6 Rb7 42. Rxb7 Nxb7 43. e5
Nc5 44. Nxd4 Nxd3 $11) 37... h5 38. Bd1 Nc5 39. Be2 Ra7 40. Rb5 {Íè÷üÿ.  Ðåçþ
ìèðóåì: áåëûå, êàê ýòî èì ïî ñòàòóñó è ïîëîæåíî, âñþ ïàðòèþ ñëåãêà
ïîääàâëèâàëè, íî íè÷åãî ðåàëüíîãî èçâëå÷ü íå ñìîãëè.} 1/2-1/2

[Event "Corus Wijk aan Zee"]
[Site " Wijk aan Zee"]
[Date "2007.01.23"]
[Round "9"]
[White "GM Navarra, David (CZE)"]
[Black "GM Shirov, , Alexei (ESP)"]
[Result "0-1"]
[WhiteElo "2719"]
[BlackElo "2715"]
[Annotator "Âàñèëèé Ëåáåäåâ"]
[PlyCount "68"]
[EventDate "2007.01.??"]
[EventType "tourn"]
[EventCountry "NED"]
[EventCategory "19"]
[Source "CrestBook.com"]

{Âèäèìî, íåìíîãî îáèäåâøèñü íà ñâîèõ ñëîíîâ, íå ïðèíåñøèõ åìó ïîáåäó â ïðîøëîì
òóðå íàä Ñåðãååì Òèâÿêîâûì, Àëåêñåé Øèðîâ â ïðåäëàãàåìîé âàøåìó âíèìàíèþ
ïîåäèíêå, ïðîÿâèë ñåáÿ êàê ëèõîé êàâàëåðèñò.  Ãóñàð!} 1. Nf3 Nf6 2. g3 d5 3.
Bg2 c6 4. O-O {Ñîïåðíèêè, ÷òî íàçûâàåòñÿ, ïðèïàëè ê èñòîêàì!  Íà äîñêå -
âàðèàíò Êàïàáëàíêè â äåáþòå Ðåòè!  Êëàññè÷åñêèé ãèïåðìîäåðíèçì èëè
ãèïåðìîäåðíèñòêàÿ êëàññèêà â îäíîì ôëàêîíå. Êàê êîìó áóäåò óãîäíî!} Bg4 5. d3
Nbd7 6. Nbd2 e5 7. e4 dxe4 8. dxe4 Bc5 9. h3 Bh5 10. Qe1 O-O 11. a4 ({
Áàçà óòâåðæäàåò, ÷òî ïîñëå} 11. Nb3 $1 {
áåëûå ñîõðàíÿþò äåáþòíîå ïðåèìóùåñòâî} Bb6 12. a4 a5 ({èëè} 12... a6 13. a5
Ba7 14. Be3 Bxe3 15. Qxe3 $14 {Smejkal-Bönsch, Altensteig 1991}) 13. Be3 $1
Bxe3 14. Qxe3 Bxf3 15. Bxf3 Qc7 16. Rfd1 Rfd8 17. Rd2 b6 18. Rad1 Nf8 19. Be2
$14 {Smejkal-Kuczynski, Polanica Zdroj 1991}) 11... Ne8 12. Nh4 (12. Nb3 $5)
12... a5 13. Nb3 Bb6 14. Be3 Bxe3 15. Qxe3 Nc7 ({Â ïàðòèè-ïðåäøåñòâåííèöå ÷,
ðíûå, ïîõîæå, ìàíåâðèðîâàëè ñâîåé êàâàëåðèåé íå òàê óäà÷íî:} 15... Nd6 16. Qd3
Nb6 17. Qc3 Nd7 18. Nf5 {è ïîëòàáóíà ïðèøëîñü ëèøèòüñÿ... 1/2 Damljanovic,B
(2595)-De la Villa Garcia,J (2475)/Pamplona 1992/CBM 033)}) 16. Nf5 Ne6 17. h4
({Rybka ïðåäëàãàåò ñûãðàòü «òåõíè÷íî»} 17. f3 $5) 17... Qc7 $1 ({
Ëþáîïûòíî (â àíàëèçå) ïîãëÿäåòü, ÷òî áûëî áû ïîñëå} 17... g6 $5 {
, ñîáëàçíÿÿ áåëîãî ñêàêóíà ñèãàíóòü â ïðîïàñòü:} 18. Nh6+ ({
Íî, êîíå÷íî æå, êîíü áåëûõ ïðûãíåò ñîâñåì â äðóãóþ ñòîðîíó. Â öåíòð!} 18. Nd6
Qe7 (18... Qc7 19. Nc4 b5 20. axb5 cxb5 21. Ncxa5 Qxc2 22. f3 $1) 19. Nxb7 (19.
Nc4 Qb4) 19... Qb4 20. N3xa5 Rxa5 21. Nxa5 Qxa5 {È çäåñü ñëåäîâàëî} 22. Bh3 $1
{ñ «áåëûìè» ïåðñïåêòèâàìè (ÈÌÕÎ).}) 18... Kg7 19. Bh3 (19. g4 Qxh4) 19... Qb6
$1 20. Nxf7 $1 ({â ñëó÷àå} 20. Bxe6 Qxe3 21. fxe3 fxe6 22. g4 Kxh6 {
÷¸ðíûå ïðèîáðåòàëè ëèøíþþ ïåøêó}) 20... Kxf7 21. g4 Bxg4 22. Bxg4 Qxe3 23.
fxe3+ Ke7 {È õîòÿ çäåñü ÷¸ðíûå íîìèíàëüíî íè÷åãî è íå âûèãðûâàëè, íî ïðè
ïîäñ÷,òå ìàòåðèàëà, ñîãëàñèòåñü, òàê è òÿíåò îøèáèòüñÿ â èõ ïîëüçó íà îäíó
ìèíèìàëüíóþ áîåâóþ åäèíè÷êó!}) 18. Bh3 Rfd8 19. Kh2 Nf6 20. f3 c5 $1 {
Ó ÷¸ðíûõ, ïî ìîèì ñìóòíûì, «ïåðâîðàçðÿäíûì» îùóùåíèÿì, ÿâíî ïðèÿòíåå.} 21.
Qc3 $1 ({
ðèøêèí êàôòàí íå çàøòîïàåøü, çàïëàòêó íå ïðèëåïèøü: ïðèêðîåøü ïîëå d4 (} 21. c3
{) ÷¸ðíûå ïðîëåçóò íà d3} {(} c4 {).}) 21... b6 {Ñïîêîéñòâèå, òîëüêî
ñïîêîéñòâèå. Íàäî ñíà÷àëà ñäåëàòü âñå ïîäãîòîâèòåëüíûå õîäû.} ({Åñëè} 21... c4
$6 {, òî ýòà «îòîðâà» ìîãëà è â ïåðåïë,ò ïîïàñòü:} 22. Nd2 Rac8 (22... Nd4
23. Nxd4 Rxd4 24. g4) 23. g4 Bg6 24. Ne3 h6 25. Ndxc4 Rd4 26. b3) (21... h6)
22. Rad1 $2 {À ýòî ïðîñòî çåâîê! Âèäèìî, è ïîñëå âûõîäíîãî Äàâèä íå ìîã åù¸
çàáûòü òðàãè÷åñêèå ñîáòûèÿ ñâîé ïàðòèè ñ Êàðÿêèíûì.} ({À íà ìîé âçãëÿä
ïîñëåäíèì øàíñîì áåëûì, áûëà ïîäãîòîâêà «íàøåãî îòâåòà ×åìáåðëåíó» ïóò¸ì} 
22. Ne3 $5 {Ãðîçèì «çàøóãàòü» äî ñìåðòè ñëîíà, çàãíàííîãî íà h5. Ó ÷¸ðíûõ
åäèíñòâåííàÿ ðàçóìíàÿ ìûñëü:} Nd4 23. g4 Bg6 24. h5 {È ñëåäóþùèé äâà õîäà -
íå ÷òî èíîå êàê øàõìàòíàÿ èëëþñòðàöèÿ ñëåäóþùåãî äèàëîãà:  - Ìû (áåëûå)
âûèãðàëè ôèãóðó?  - Îòíþäü. Ìû (÷¸ðíûå) å, æåðòâóåì!} Bxe4 $1 25. fxe4 Nxe4
26. Qc4 Ng5 27. Nd5 Ndf3+ 28. Rxf3 Nxf3+ 29. Kg2 Qb7 30. Kxf3 (30. Rd1 Nd4)
30... Qxd5+ ({â ñëó÷àå} 30... Rxd5 31. Kg3 $1 {òðè ôèãóðû ñ áîëüøîé äèàãîíàëè
çà îäèí õîä ÷¸ðíûå óâåñòè íå ñìîãóò. ×èñòî ôèçè÷åñêè}) 31. Qxd5 Rxd5 {
- èãðû òóò ìíîãî, íî ó ÷¸ðíûõ, êîíå÷íî æå, ïåðåâåñ.}) ({
Rybka «âèäèò» ïî÷òè ðàâåíñòâî ïîñëå} 22. Qc4 $5) 22... Rxd1 23. Rxd1 Nxe4 $1
24. Qe3 ({Óñãóáëÿòü ïðîöåññ (} 24. fxe4 Bxd1 $19 {),  äàâàéòå, íå áóäåì...})
24... Nf6 {- è áåëûå ïðîñòî îñòàëèñü áåç ïåøêè.  È îòìåòèì, ÷òî ðåàëèçàöèÿ
Àëåêñååì Øèðîâûì áûëà ïðîâåäåíà âåñüìà èçÿùíî!} 25. Re1 ({
Çàëîâèòü ñëîíèêà íå ïîëó÷èòñÿ:} 25. g4 Bg6 26. h5 Bxf5) 25... Rd8 26. g4 c4 $1
({Âèäèìî, íå ïîðòèëî îáåäíè è} 26... Bg6 27. Qxe5 Qxe5+ 28. Rxe5 c4 {è ò.ä. Íî 
õîä â ïàðòèè âåä,ò ê ñòîëü ëþáåçíûì ñåðäöó «èñòèííîãî» îáîçðåâàòåëÿ
êðàñîòàì...}) 27. Nxa5 (27. gxh5 cxb3 28. cxb3 (28. Qxb3 Rd2+ 29. Kg1 e4) 28...
e4+ {- çíàåòå, âåñüìà ïîõîæå íà ðàçãðîì! Òî åñòü} 29. Kg1 (29. f4 Nxh5) 29...
Rd3 {è ò.ä.}) 27... e4+ 28. Kh1 Bg6 29. Ne7+ ({
Ïîñëåäíèé, íî ïðèçðà÷íûé, øàíñ, ïîõîæå, çàêëþ÷àëñÿ â} 29. Nc6 $5 Nd5 ({
ïî-øèðîâñêè ñûãðàíî! Íî íå} 29... Qxc6 $4 30. Ne7+) 30. Nfe7+ (30. Qg1 Rd7 $1)
30... Nxe7 31. Nxd8 Nd5 32. Nxe6 {Îé òóò ãäå-òî ñòîÿëà íàøà ëàäüÿ! ;)  Íåóæåëè
÷¸ðíûå ïðîñ÷èòàëèñü? Êàê æå, äåðæè êàðìàí øèðå!} Qg3 $1 $19 (32... fxe6 $2
33. Qf2 $1) 33. Qd2 Qxh3+ 34. Qh2 Qxf3+ 35. Qg2 fxe6 36. h5) 29... Qxe7 30. Nc6
Qc7 31. Nxd8 Qxd8 32. h5 Nd5 $1 33. Qf2 (33. Qg1 Qh4 34. Qf1 Ndf4 35. hxg6 Nxh3
$19) 33... e3 34. Qh2 Bxc2 {«Äåáþòíàÿ èäåÿ» îãðàíè÷åíèÿ ýòîãî ñëîíà
ïðîâàëèëàñü. «Îñîçíàâ ýòî», áåëûå ñäàëèñü.} 0-1

[Event "Corus Wijk aan Zee"]
[Site " Wijk aan Zee"]
[Date "2007.01.23"]
[Round "9"]
[White "GM Ponomariov, Ruslan (UKR)"]
[Black "GM Karjakin, Sergey (UKR)"]
[Result "1-0"]
[WhiteElo "2723"]
[BlackElo "2678"]
[Annotator "Ðîìàí Äîáðîíîâñêèé "]
[PlyCount "63"]
[EventDate "2007.01.??"]
[EventType "tourn"]
[EventCountry "NED"]
[EventCategory "19"]
[Source "CrestBook.com"]

{Ðóñëàí è Ñåðãåé - áîëüøèå äðóçüÿ â øàõìàòíîé è âíåøàõìàòíîé æèçíè (â
÷àñòíîñòè Êàðÿêèí áûë îäíèì èç ñåêóíäàíòîâ Ïîíîìàðåâà íà ïîáåäíîì äëÿ òîãî
÷åìïèîíàòå ìèðà) è, ïðèçíàòüñÿ, ïåðåä îò÷åòíûì ïîåäèíêîì äóìàëîñü, ÷òî
óêðàèíñêèå þíèîðû ïîñëåäóþò ïðèìåðó ñâîèõ ðîññèéñêèé êîëëåã Êðàìíèêà è
Ñâèäëåðà, íå ñòàâøèõ ëîìàòü êîïüÿ çà ñîñåäíèì ñòîëèêîì. Äåéñòâèòåëüíîñòü
îïðîâåðãëà âñå ïðîãíîçû...  Â øàõìàòèøêàõ - íåò áðàòèøêîâ!} 1. e4 c5 2. Nf3 d6
3. d4 cxd4 4. Nxd4 Nf6 5. Nc3 a6 6. Be3 e5 7. Nb3 Be6 8. Qd2 {Êàê ÿ óæå îòìå÷à
ë, êîììåíòèðóÿ ïàðòèþ Òîïàëîâ-Âàí Âåëè, áåëûå ñâÿçûâàþò ýòîò õîä ñ âîçìîæíûì
â ïåðñïåêòèâå õîäîì f2-f4(ñïàñèáî ñëîíó å6!) âìåñòî îáû÷íîãî f2-f3. Â
ïðèâîäèìîé ïàðòèè èäåÿ áåëûõ èìåëà ãðàíäèîçíûé óñïåõ.} Be7 {Íåáîëüøàÿ òîíêîñòü.
} 9. O-O-O ({Â ñëó÷àå íåìåäëåííîãî} 9. f4 {(ðåäêèé, íî äîñòàòî÷íî êîâàðíûé
õîä: áåëûå êîêåòíè÷àþò íå òîëüêî ñ äâèæåíèåì ïåøêè "f", íî è ñ îïðåäåëåíèåì
ìåñòà äèñëîêàöèè êîðîëÿ)} exf4 10. Bxf4 {íåïëîõî äëÿ ÷åðíûõ} Nc6 11. O-O-O Ne5
{ñ íîðìàëüíîé ïîçèöèåé.}) 9... O-O 10. f4 $5 {Ñòàâèòü êàêèå-ëèáî çíàêè ê ýòîìó
õîäó íå áåðóñü. Åñëè âåðèòü ìîåé áàçå, òî â 332 ðàçà (ïðîùå ãîâîðÿ 992 ïðîòèâ
3) ÷àùå âñòðå÷àëñÿ õîä 10. f3, ñâîäÿùèé âñå ê íàáèâøåé îñêîìèíó àíãëèéñêîé
àòàêå.} exf4 11. Bxf4 {#} Ne8 $2 $146 {Ìîæíî ÿ âñå òàêè ïîñòàâëþ
âîïðîñèòåëüíûé çíàê ê ýòîìó óðîäëèâîìó íå òîëüêî íà âèä õîäó? Ïîäîáíàÿ èäåÿ
âñòðå÷àåòñÿ â âàðèàíòå 6.Ñå2 è ïðèìåíÿåòñÿ îáû÷íî ïðè êîðîòêîé ðîêèðîâêå
áåëûõ. Çäåñü æå, ïðè ðàçíîñòîðîííèõ ðîêèðîâêàõ êàæäûé òåìï íà ñ÷åòó.} ({
Èç 3 ïðèìåðîâ ïðèìåíåíèÿ õîäà 10. f4!? è 26 ïðèìåðîâ 9.f4!? ñòîèò îòìåòèòü
òàêîé îòíîñèòåëüíî ñâåæèé ïðèìåð, â êîòîðîì ÷åðíûå àêòèâíîé èãðîé äîáèëèñü
íè÷üåé -} 11... Nh5 12. Be3 (12. Bxd6 $4 Bg5) 12... Nc6 13. Kb1 Nf6 14. Nd4
Nxd4 15. Bxd4 Nd7 16. Be3 Bf6 17. Nd5 Be5 18. Bc4 b5 19. Bg5 Nf6 20. Bxf6 Bxf6
21. Nxf6+ Qxf6 22. Bxe6 Qxe6 23. Rhe1 Rad8 24. b3 Rd7 25. Qa5 Ra8 26. Rd5 {
Topalov,V-Polgar,J/Bilbao ESP 2006 1/2-1/2}) ({À åñòåñòâåííûé õîä} 11... Nc6 $5
{ïîêàçûâàë, ÷òî ïåøêà  d6 â îáùåì-òî è íå âèñèò -} 12. Bxd6 $5 (12. Be2 Ne5 {
ðàññìàòðèâàëîñü âûøå}) 12... Bg4 $1 13. Be2 Qxd6 ({Èëè äàæå} 13... Bxe2 $5 14.
Bxe7 Qxe7 15. Qxe2 Rfe8) 14. Qxd6 Bxd6 15. Rxd6 Bxe2 16. Nxe2 Nxe4 17. Rd7 {
Åñëè Ñåðãåÿ ñìóùàëà ýòà ïîçèöèÿ, òî, íàâåðíî çðÿ -} Rab8 18. Nf4 Rfd8 19. Rhd1
Rxd7 20. Rxd7 Nf6 {è ëàäüå íå óäåðæàòüñÿ íà ñåäüìîé ãîðèçîíòàëè, à çíà÷èò
íè÷åãî îñîáåííîãî ó áåëûõ íåò.}) 12. Be2 Nc6 13. g4 Bf6 $6 {Ïîõîæå íà ðàñòåðÿí
íîñòü.  È çäåñü, è â äàëüíåéøåì î÷åíü òðóäíî ïðåäëàãàòü ÷òî-ëèáî çà ÷¸ðíûõ.
Âîçìîæíî, ãäå-òî îíè ìîãëè ñûãðàòü ëó÷øå, çàùèòèòüñÿ óïîðíåå, íî åäâà ëè
ìîãëè èñïðàâèòü ïîñëåäñòâèÿ õîäà ðîêîâîãî 11-ãî õîäà. Íî îáîçðåâàòåëþ
ïîëàãàåòñÿ õîòü ðàç ñêàçàòü ñàêðàìåíòàëüíîå: «çäåñü çàñëóæèâàëî...»} ({
Èòàê, - çäåñü çàñëóæèâàëî âíèìàíèÿ} 13... Ne5) 14. g5 Be5 15. h4 {Ñîâåðøåííî
~åâèäíî, ÷òî àòàêà áåëûõ ðàçâèâàåòñÿ áûñðåå. Òî÷íåå ñêàçàòü - ïðîñòî
ðàçâèâàåòñÿ, âåäü îáû÷íîãî äëÿ äàííîãî âàðèàíòà ñîðåâíîâàíèÿ â ïðîáåãå
ïåøêàìè  íåò è â ïîìèíå.} Rc8 16. Kb1 Qb6 17. Nd5 $1 ({Íå äîïóñêàÿ äàæå íàìåêà
íà êîíòðèãðó ÷åðíûõ, êîòîðàÿ ìîãëà ïîÿâèòüñÿ ïîñëå ïîñïåøíîãî} 17. h5 $6 Bxc3
18. bxc3 (18. Qxc3 Nb4) 18... Ne5) 17... Bxd5 18. exd5 Bxf4 ({
Õóæå ÷åì åñòü óæå íå áóäåò -} 18... Na5 19. Bxe5 ({Ìîæíî è ïðîñòî} 19. h5)
19... Nxb3 20. axb3 dxe5 21. d6 Rc6 22. d7 Nd6 23. Qd5 e4 24. Qe5 Qc7 25. Bg4
Rd8 26. h5 {ñ ïîäàâëÿþùèì ïåðåâåñîì.}) 19. Qxf4 Ne5 20. h5 Qd8 ({Åñëè â òàêîé
ïîçèöèè Âàøà "Rybka" ïðåäëàãàåò â êà÷åñòâå ïåðâîé ëèíèè äëÿ ÷åðíûõ} 20... f5
21. Nd4 {, çíà÷èò ïàðòèÿ íå ñëîæèëàñü...}) 21. Nd4 $1 {
Ïîíîìàðåâ íå ñïåøà ïåðåáðàñûâàåò ñèëû, ãîòîâÿ ðåøàþùèé óäàð.} Qd7 {Îäíà èç ðàñ
ïðîñòðàíåííåéøèõ ñèòóàöèé, êîãäà ñäàâàòüñÿ ðàíî, à èãðàòü áåñïîëåçíî.} 22. Nf5
b5 23. Rdf1 Nc7 {#} 24. Qd4 $1 {Ïîñëåäíèå ïðèãîòîâëåíèÿ. Îñòàëîñü òîëüêî
ñäâèíóòü ÷åðíîãî êîíÿ ñ å5 - è âñå ïóòè ê ÷åðíîìó êîðîëþ áóäóò îòêðûòû.} a5
25. Bg4 {
Ãðîçèò âûèãðûø ôåðçÿ. Ñëîí, ðàçóìååòñÿ, íåïðèêîñíîâåíåí èç-çà ìàòà íà g7.} Qd8
{×åðíûé ôåðçü, ñëîâíî òåíü îòöà Ãàìëåòà, áðîäèò ïî  äîñêå, ñ ãîðå÷üþ
íàáëþäàÿ çà ãèáåëüþ ñâîåé àðìèè.  #} 26. Re1 $1 {
Ñ ïðîñòîé, íî òðóäíîîòðàçèìîé óãðîçîé 27.Ë:å5!,} Ra8 {×åðíûå óâîäÿò ëàäüþ èç
ïîä øàõà íà å7, ÷òî òàê æå áåçíàäåæíî êàê è âñå îñòàëüíîå.} ({
Â ïëîõèõ ïîçèöèÿõ íå ìîæåò áûòü õîðîøèõ õîäîâ -} 26... Qxg5 27. Rhg1 g6 28.
Nxd6 Nxg4 29. Nxc8 Rxc8 30. hxg6 hxg6 31. d6 Ne6 32. Rxg4) ({
Íà àìîðôíûé õîä âðîäå} 26... a4 {åñòü íåõèòðîå} 27. Rxe5 $1 dxe5 28. Qxe5 f6
29. gxf6 Qxf6 30. Ne7+ {ñ âûèãðûøåì ôèãóðû.}) ({Íà} 26... Re8 {âûèãðûâàåò} 27.
Nxd6 $1 Qxd6 28. Bxc8) 27. h6 $1 g6 28. Rxe5 {
Íà äàëüíåéøåå îñîáî íåðâíûõ, à òàêæå áåðåìåííûõ æåíùèí, ïðîñèì íå ñìîòðåòü.}
dxe5 ({
Âàðèàíòû - îñóùåñòâëåííûå íà ïðàêòèêå è ãèïîòåòè÷åñêèå - ñ÷èòàþòñÿ ëåãêî -} 
28... gxf5 29. Re7 Ne8 (29... f6 30. Rg7+ Kh8 31. Bxf5) 30. Rxe8) 29. Qxe5 f6
30. Ne7+ Kf7 ({Èëè} 30... Kh8 31. gxf6 Rf7 32. Be6) 31. Qxf6+ Ke8 32. Qc6+ {
è ââèäó íåèçáåæíîãî ìàòà ×ÅÐÍÛÅ ÑÄÀËÈÑÜ.  Ñòðàøíûé ðàçãðîì!} (32. Qc6+ Kf7 33.
Rf1+ Kxe7 34. Re1+ Kf7 35. Be6+ Ke7 36. Bg8+ Ne6 37. Rxe6#) 1-0